Administrative Divisions of Tonga with a Map - Statistics

General Stats
  • This quiz has been taken 1,428 times
  • The average score is 4 of 5
Answers on the Map
Answers color-coded by a green-red scale on the quiz's map according to % correct below.
 
Answer Stats
Administrative Division % Correct
Tongatapu
79%
ʻEua
77%
Niua
71%
Vavaʻu
66%
Haʻapai
64%
No matching quizzes found
Score Distribution
Percent of People with Each Score
Percentile by Number Answered
Your Score History
You have not taken this quiz